The Entertaining history of an apple : to which is added Moral lessons from nature.

Bibliographic Details
Format: Microform Book
Language:English
Series:Opie collection of children's literature ; 003:038.
Subjects:

MARC

Tag First Indicator Second Indicator Subfields
LEADER 00000cam a2200000Ia 4500
001 in00002554513
005 20151201153821.0
007 he amb016baca
007 hd bfa008baaa
008 940622s1825 enka jb 000 1 eng d
035 |a (OCoLC)ocm30640294 
037 |a CL0021000003  |b University Microfilms International 
037 |b University Microfilms International, 300 North Zeeb Road, Ann Arbor, MI 48106 
040 |a OPP  |c OPP  |d UtOrBLW 
049 |a UMIA 
090 |a PZ5  |b .O67 1990 no.003:038. 
245 0 4 |a The Entertaining history of an apple :  |b to which is added Moral lessons from nature. 
264 3 |a London :  |b Printed and sold by J. & C. Evans,  |c [1825?] 
300 |a 35 pages :  |b illustrations 
336 |a text  |b txt  |2 rdacontent 
337 |a microform  |b h  |2 rdamedia 
338 |a microfiche  |b he  |2 rdacarrier 
500 |a Date of publication suggested by the Bodleian Library. 
500 |a "Embellished with neat engravings on wood." 
500 |a Reproduction of original in the Bodleian Library. 
510 4 |a Opie  |c A 430 
533 |a Microfiche.  |b Ann Arbor, Mich.  |c University Microfilms International,  |d 1992.  |e 1 microfiche.  |f (Opie collection of children's literature ; 003:038).  |7 s1992 miun b 
500 |a Microform. 
650 0 |a Conduct of life  |v Juvenile fiction. 
730 0 2 |a Moral lessons from nature. 
830 0 |a Opie collection of children's literature ;  |v 003:038. 
999 |a MARS 
999 f f |s aaff4a5c-d653-3a05-b3af-af6806b47194  |i 00c9bd77-02ca-30ba-a661-ae7675d38d17  |t 0 
952 f f |a Texas A&M University  |b College Station  |c Sterling C. Evans Library  |d Evans: Microforms Fiche (3rd floor)  |t 0  |e PZ5 .O67 1990 no.003:038.  |h Library of Congress classification 
998 f f |a PZ5 .O67 1990 no.003:038.  |t 0  |l Evans: Microforms Fiche (3rd floor)